000 00471nam a2200157Ia 4500
008 210716s2019 xx 000 0 und d
020 _a9789352138777
041 _aeng
082 _a005.76 ORET
100 _aOreilly,Tim; Loukides, Mike; Steele, Julie; Hill, Colin.
245 _aHow data science is transforming health care.
250 _a1
260 _aMumbai
_bShroff Publishers and Distributors Pvt Ltd
_c2019
300 _aiii,22
650 _aData Warehousing
999 _c197113
_d197113